000 00650nam a22002057a 4500
005 20251108172253.0
008 250721s1993 xx 000 0 ara d
082 1 4 _a956.406/غسا
100 1 _aالجربان، غسان دوعر
245 1 0 _aحرب الأيام السبعه /
264 1 _aلندن :
_bمنشورات فلسطين المسلمه،
_c1993.
300 _a201ص
490 0 _aأسود حماس ، 1
650 1 7 _aتاريخ
650 1 7 _aفلسطين
650 1 7 _aالإنتفاضه الفلسطينيه 1988
650 1 7 _aحماس (حركة المقاومة الفلسطينية)
942 _2ddc
_cBK
999 _c74768
_d74768